[Event "78th GEO-ch Women 1st League 2021"]
[Site "Tbilisi"]
[Date "2021.03.18"]
[Round "1.10"]
[White "Gvatua, Mariam"]
[Black "Kirtadze, Anastasia"]
[Result "1/2-1/2"]
[WhiteElo "1343"]
[BlackElo "1810"]
[Annotator "NA RC"]
[PlyCount "144"]
[EventDate "2021.03.18"]
[EventType "swiss"]
[EventCountry "GEO"]
[SourceTitle "playchess.com"]
[Source "ChessBase"]
[SourceQuality "1"]
[TimeControl "5400+30"]

1. d4 {[%emt 0:00:00]} Nf6 {[%emt 0:00:00]} 2. Nc3 {[%emt 0:00:00]} e6 {[%emt 0:00:23]} 3. Bg5 {[%emt 0:00:00]} c5 {[%emt 0:01:11]} 4. d5 {[%emt 0:02:08]} Qb6 {[%emt 0:01:36]} 5. Bxf6 {[%emt 0:04:03]} gxf6 {[%emt 0:00:11]} 6. Rb1 {[%emt 0:00:34]} Be7 {[%emt 0:03:35]} 7. e4 {[%emt 0:01:05]} d6 {[%emt 0:00:49]} 8. Nf3 {[%emt 0:12:02]} Rg8 {[%emt 0:03:35]} 9. Bb5+ {[%emt 0:04:54]} Bd7 {[%emt 0:01:26]} 10. Bxd7+ {[%emt 0:00:10]} Nxd7 {[%emt 0:00:16]} 11. O-O {[%emt 0:00:11]} Nf8 {[%emt 0:01:31]} 12. Qd2 {[%emt 0:02:11]} h5 {[%emt 0:02:37]} 13. Qh6 {[%emt 0:06:30]} Ng6 {[%emt 0:02:57]} 14. dxe6 {[%emt 0:09:51]} fxe6 {[%emt 0:00:36]} 15. Qxh5 {[%emt 0:00:09]} O-O-O {[%emt 0:00:30]} 16. Ne2 {[%emt 0:00:21]} Qa6 {[%emt 0:01:06]} 17. Rfe1 {[%emt 0:03:31]} Qc4 {[%emt 0:01:28]} 18. c3 {[%emt 0:02:35]} Rg7 {[%emt 0:04:52]} 19. b3 {[%emt 0:01:42]} Qa6 {[%emt 0:01:02]} 20. Qg4 {[%emt 0:01:40]} Rdg8 {[%emt 0:04:37]} 21. Qxe6+ {[%emt 0:05:57]} Kb8 {[%emt 0:00:18]} 22. g3 {[%emt 0:00:30]} Qd3 {[%emt 0:01:16]} 23. Kg2 {[%emt 0:04:22]} Qa6 {[%emt 0:06:51]} 24. a4 {[%emt 0:02:12]} Rh8 {[%emt 0:00:43]} 25. Qf5 {[%emt 0:01:51]} Ne5 {[%emt 0:01:43]} 26. Nxe5 {[%emt 0:01:17]} fxe5 {[%emt 0:00:08]} 27. c4 {[%emt 0:00:38]} Rf8 {[%emt 0:01:58]} 28. Qe6 {[%emt 0:03:48]} Qc6 {[%emt 0:01:36]} 29. Nc3 {[%emt 0:00:46]} Rf6 {[%emt 0:00:33]} 30. Qh3 {[%emt 0:00:26]} Bf8 {[%emt 0:04:41]} 31. Qh4 {[%emt 0:04:56]} Rgf7 {[%emt 0:00:54]} 32. Rf1 {[%emt 0:01:30]} Qc8 {[%emt 0:00:10]} 33. f3 {[%emt 0:00:54]} Rh6 {[%emt 0:02:00]} 34. Qg4 {[%emt 0:01:01]} Qe8 {[%emt 0:00:19]} 35. Qg5 {[%emt 0:02:25]} Rfh7 {[%emt 0:00:45]} 36. Rh1 {[%emt 0:01:09]} Qc8 {[%emt 0:00:39]} 37. Nd5 {[%emt 0:04:29]} Rh5 {[%emt 0:02:06]} 38. Qg4 {[%emt 0:00:55]} Qd8 {[%emt 0:00:13]} 39. f4 {[%emt 0:02:01]} exf4 {[%emt 0:00:45]} 40. Qxf4 {[%emt 0:00:51]} Bg7 {[%emt 0:01:34]} 41. Rbf1 {[%emt 0:00:47]} Rh8 {[%emt 0:00:12]} 42. Qf7 {[%emt 0:01:16]} Be5 {[%emt 0:00:36]} 43. Nf4 {[%emt 0:05:11]} Bxf4 {[%emt 0:02:11]} 44. Qxf4 {[%emt 0:01:04]} a6 {[%emt 0:02:02]} 45. Rd1 {[%emt 0:00:43]} Qg8 {[%emt 0:04:32]} 46. Rxd6 {[%emt 0:02:09]} Ka8 {[%emt 0:00:15]} 47. Rd5 {[%emt 0:01:43]} R5h6 {[%emt 0:01:32]} 48. h4 {[%emt 0:01:31]} Ka7 {[%emt 0:02:41]} 49. h5 {[%emt 0:00:44]} Qg7 {[%emt 0:00:30]} 50. Qf2 {[%emt 0:00:29]} Rf8 {[%emt 0:01:03]} 51. Qxc5+ {[%emt 0:00:49]} Ka8 {[%emt 0:00:51]} 52. Qd4 {[%emt 0:00:26]} Qe7 {[%emt 0:00:39]} 53. Qe3 {[%emt 0:00:49]} Rhf6 {[%emt 0:01:02]} 54. e5 {[%emt 0:01:04]} Rf5 {[%emt 0:01:07]} 55. Rh4 {[%emt 0:01:13]} Rg8 {[%emt 0:01:54]} 56. Rh3 {[%emt 0:01:01]} Qa3 {[%emt 0:01:10]} 57. Rd2 {[%emt 0:00:36]} Rgf8 {[%emt 0:01:06]} 58. h6 {[%emt 0:00:33]} Qe7 {[%emt 0:01:42]} 59. Re2 {[%emt 0:00:18]} Qe6 {[%emt 0:01:22]} 60. Qd4 {[%emt 0:00:33]} Rf1 {[%emt 0:01:10]} 61. h7 {[%emt 0:00:36]} Qf5 {[%emt 0:00:44]} 62. Kh2 {[%emt 0:00:46]} Qb1 {[%emt 0:04:48]} 63. Kg2 {[%emt 0:00:14]} Qf5 {[%emt 0:08:13]} 64. Qe3 {[%emt 0:00:55]} Rf3 {[%emt 0:03:05]} 65. Qg1 {[%emt 0:00:27]} Qg4 {[%emt 0:01:27]} 66. Kh2 {[%emt 0:00:27]} Rxg3 {[%emt 0:02:55]} 67. Qxg3 {[%emt 0:00:47]} Qxe2+ {[%emt 0:00:15]} 68. Qg2 {[%emt 0:00:04]} Qxe5+ {[%emt 0:00:12]} 69. Kh1 {[%emt 0:00:09]} Qe1+ {[%emt 0:00:14]} 70. Kh2 {[%emt 0:00:18]} Qe5+ {[%emt 0:00:07]} 71. Rg3 {[%emt 0:01:11]} Qh5+ {[%emt 0:01:10]} 72. Rh3 {[%emt 0:00:12]} Qe5+ {[%emt 0:00:04]} 1/2-1/2

[Event "78th GEO-ch Women 1st League 2021"]
[Site "Tbilisi"]
[Date "2021.03.18"]
[Round "1.11"]
[White "Tsotsonava, Elene"]
[Black "Sordia, Marta"]
[Result "1-0"]
[WhiteElo "1805"]
[BlackElo "1226"]
[Annotator "NA RC"]
[PlyCount "107"]
[EventDate "2021.03.18"]
[EventType "swiss"]
[EventCountry "GEO"]
[SourceTitle "playchess.com"]
[Source "ChessBase"]
[SourceQuality "1"]
[TimeControl "5400+30"]

1. e4 {[%emt 0:00:00]} c5 {[%emt 0:00:00]} 2. Nf3 {[%emt 0:00:00]} Nc6 {[%emt 0:00:00]} 3. d4 {[%emt 0:00:00]} cxd4 {[%emt 0:00:00]} 4. Nxd4 {[%emt 0:00:00]} Nf6 {[%emt 0:00:00]} 5. Nc3 {[%emt 0:00:06]} e5 {[%emt 0:00:00]} 6. Ndb5 {[%emt 0:00:10]} d6 {[%emt 0:00:04]} 7. Bg5 {[%emt 0:00:10]} a6 {[%emt 0:00:13]} 8. Na3 {[%emt 0:00:11]} b5 {[%emt 0:00:05]} 9. Nd5 {[%emt 0:00:10]} Be7 {[%emt 0:00:07]} 10. Bxf6 {[%emt 0:00:09]} Bxf6 {[%emt 0:00:04]} 11. c3 {[%emt 0:00:06]} Bg5 {[%emt 0:00:19]} 12. Nc2 {[%emt 0:00:34]} Be6 {[%emt 0:00:30]} 13. a4 {[%emt 0:05:47]} Rb8 {[%emt 0:02:34]} 14. Ncb4 {[%emt 0:12:53]} Bxd5 {[%emt 0:09:11]} 15. Nxd5 {[%emt 0:02:24]} O-O {[%emt 0:01:45]} 16. Bd3 {[%emt 0:01:59]} Ne7 {[%emt 0:08:15]} 17. Nb4 {[%emt 0:04:45]} Qc8 {[%emt 0:01:12]} 18. axb5 {[%emt 0:00:26]} axb5 {[%emt 0:00:17]} 19. O-O {[%emt 0:01:46]} Nc6 {[%emt 0:02:15]} 20. Qb3 {[%emt 0:02:09]} Rb6 {[%emt 0:06:35]} 21. Nd5 {[%emt 0:04:01]} Rb7 {[%emt 0:00:58]} 22. Ra6 {[%emt 0:04:32]} Ra7 {[%emt 0:08:22]} 23. Rxa7 {[%emt 0:09:10]} Nxa7 {[%emt 0:00:11]} 24. Bxb5 {[%emt 0:02:42]} Qb7 {[%emt 0:01:03]} 25. Bc4 {[%emt 0:02:17]} Qxb3 {[%emt 0:02:24]} 26. Bxb3 {[%emt 0:00:01]} Rb8 {[%emt 0:00:18]} 27. Nb4 {[%emt 0:00:14]} Nc6 {[%emt 0:00:53]} 28. Nxc6 {[%emt 0:00:48]} Rxb3 {[%emt 0:56:25]} 29. Rb1 {[%emt 0:00:10]} Bd2 {[%emt 0:00:00]} 30. Ne7+ {[%emt 0:00:27]} Kf8 {[%emt 0:00:00]} 31. Nd5 {[%emt 0:00:03]} g6 {[%emt 0:00:00]} 32. Kf1 {[%emt 0:00:13]} f5 {[%emt 0:00:00]} 33. Ke2 {[%emt 0:01:24]} Bg5 {[%emt 0:00:00]} 34. f3 {[%emt 0:00:09]} Ke8 {[%emt 0:00:00]} 35. Kd3 {[%emt 0:00:09]} Kd7 {[%emt 0:00:00]} 36. Nb4 {[%emt 0:00:14]} Bc1 {[%emt 0:00:00]} 37. Kc2 {[%emt 0:01:10]} Rxb4 {[%emt 0:00:00]} 38. cxb4 {[%emt 0:00:03]} Be3 {[%emt 0:00:00]} 39. Kd3 {[%emt 0:00:09]} Bb6 {[%emt 0:00:00]} 40. Kc4 {[%emt 0:00:14]} Kc6 {[%emt 0:00:00]} 41. b5+ {[%emt 0:00:04]} Kc7 {[%emt 0:00:00]} 42. Kd5 {[%emt 0:00:06]} Be3 {[%emt 0:00:00]} 43. Re1 {[%emt 0:00:58]} Bd2 {[%emt 0:00:00]} 44. Rd1 {[%emt 0:00:12]} Bb4 {[%emt 0:00:00]} 45. Kc4 {[%emt 0:00:11]} Ba5 {[%emt 0:00:00]} 46. b4 {[%emt 0:00:03]} Bb6 {[%emt 0:00:00]} 47. Kd5 {[%emt 0:00:38]} Be3 {[%emt 0:00:00]} 48. Rd3 {[%emt 0:01:17]} Bd4 {[%emt 0:00:00]} 49. Rxd4 {[%emt 0:01:07]} exd4 {[%emt 0:00:00]} 50. Kxd4 {[%emt 0:00:11]} fxe4 {[%emt 0:00:00]} 51. fxe4 {[%emt 0:00:05]} Kb6 {[%emt 0:00:00]} 52. Kd5 {[%emt 0:00:05]} Kxb5 {[%emt 0:00:00]} 53. Kxd6 {[%emt 0:00:04]} Kxb4 {[%emt 0:00:00]} 54. e5 {[%emt 0:00:03]} 1-0

[Event "78th GEO-ch Women 1st League 2021"]
[Site "Tbilisi"]
[Date "2021.03.19"]
[Round "2.1"]
[White "Janiashvili, Mariami"]
[Black "Gvetadze, Sofio"]
[Result "1/2-1/2"]
[WhiteElo "1963"]
[BlackElo "2317"]
[Annotator "TA"]
[PlyCount "142"]
[EventDate "2021.03.18"]
[EventType "swiss"]
[EventCountry "GEO"]
[SourceTitle "playchess.com"]
[Source "ChessBase"]
[SourceQuality "1"]

{[%evp 16,142,53,46,60,60,59,62,81,77,93,72,75,81,97,71,78,11,19,26,53,41,41,41,41,-39,52,56,55,68,70,35,44,3,3,4,12,10,10,8,27,9,23,10,43,47,68,68,62,61,62,41,58,41,47,41,60,49,63,39,39,0,69,61,63,23,43,-8,-6,-4,-8,-9,37,37,71,58,55,69,75,85,85,16,16,0,0,0,0,0,0,0,0,0,0,0,0,0,0,0,0,0,0,0,0,0,0,0,0,0,0,0,0,0,0,0,0,0,0,0,0,0,0,0,0,0,0,0,0,0,0]} 1. d4 Nf6 2. Nf3 b6 3. c4 Bb7 4. g3 g6 5. Bg2 Bg7 6. Nc3 O-O 7. Qc2 d6 8. O-O Nbd7 9. Rd1 c5 {A50: Queen's Fianchetto Defence (1 d4 Nf6 2 c4 b6).} 10. d5 a6 11. a4 Ne8 {White is slightly better.} 12. e4 Nc7 13. Bf4 Rb8 {[#]} 14. Qe2 $146 ({Predecessor:} 14. Re1 f6 15. Bd2 Ba8 16. Bf1 Bb7 17. h4 Ne5 18. Nh2 Bc8 19. Be2 Bd7 20. f4 {1-0 (36) Borisova,B (2155)-Veloso,P (2035) Moscow 1994}) 14... f6 15. h4 Bc8 16. Bh3 (16. Be3 $16) 16... Ne5 $11 17. Bxc8 Qxc8 18. Bxe5 fxe5 19. Kg2 Qg4 20. h5 (20. Re1 $14) 20... Bf6 ({Of course not} 20... gxh5 $6 21. Nh4 $14) ({Better is} 20... Qxh5 $15 21. Rd3 Qg4) 21. hxg6 $14 hxg6 22. Rh1 Ne8 23. Rh3 {Rah1 is the strong threat.} (23. Qe3 {with more complications.} Ng7 24. Rh6 Kf7 25. Rh7 Kg8 26. Nh2) 23... Ng7 {Threatening ...Nh5.} 24. Nd4 Qxe2 25. Ndxe2 Ne8 26. Rh6 Kf7 27. Rh7+ Bg7 28. Ng1 Nf6 29. Rh3 Nh5 30. Nf3 Bf6 31. Rah1 Ke8 32. b3 Kd7 33. Kf1 Rf7 34. Ke2 Rbf8 {With the idea ...Bg7.} 35. R3h2 Kc7 36. Ra1 Rb8 37. Ke3 Bg7 38. Nh4 Bh6+ (38... Bf6 $11) 39. Ke2 $1 Rg8 40. Rg1 Nf6 41. g4 (41. Rf1 $14) 41... Bf4 $11 42. Rhh1 Rh7 43. g5 Ne8 {[#] And now ...Rgh8 would win.} 44. Nf3 Rgh8 45. Rxh7 Rxh7 46. Kf1 Ng7 47. Ne2 Nh5 48. Nh4 ({White should try} 48. Rh1 $16) 48... Rg7 {The position is equal.} 49. Rh1 (49. Ke1 {feels hotter.} b5 50. a5 Rg8 51. Kd1 b4 52. Rg2) 49... Bxg5 50. Nxg6 $1 {[%mdl 64] [#] Remove Defender} Rxg6 51. Rxh5 {[%mdl 4096] Endgame KRB-KRN} b5 52. axb5 axb5 53. Nc3 bxc4 54. bxc4 Rg8 55. Nb5+ Kd7 56. Rh3 Bf6 57. Ra3 Rg4 58. f3 Rg3 59. Na7 Ke8 60. Nc6 Rg8 61. Ra7 Kf7 62. Ra3 Bh4 63. Ra7 Rg3 64. Ra3 Rg8 65. Ra7 Bg5 66. Kf2 Rh8 67. Kg2 Bf6 68. Ra1 Rg8+ 69. Kf1 Rh8 {aiming for ...Rh1+.} 70. Kg2 Kg6 71. Ra7 Kf7 {Weighted Error Value: White=0.15/Black=0.11} 1/2-1/2

[Event "78th GEO-ch Women 1st League 2021"]
[Site "Tbilisi"]
[Date "2021.03.19"]
[Round "2.2"]
[White "Lomaia, Diana"]
[Black "Khurtsilava, Inga"]
[Result "1-0"]
[WhiteElo "1946"]
[BlackElo "2260"]
[Annotator "NA"]
[PlyCount "175"]
[EventDate "2021.03.18"]
[EventType "swiss"]
[EventCountry "GEO"]
[SourceTitle "playchess.com"]
[Source "ChessBase"]
[SourceQuality "1"]
[TimeControl "5400+30"]

1. d4 {[%emt 0:00:00]} Nf6 {[%emt 0:00:09]} 2. c4 {[%emt 0:00:00]} e6 {[%emt 0:00:04]} 3. Nc3 {[%emt 0:00:00]} d5 {[%emt 0:00:18]} 4. Nf3 {[%emt 0:00:34]} Be7 {[%emt 0:01:13]} 5. g3 {[%emt 0:01:26]} O-O {[%emt 0:00:24]} 6. Bg2 {[%emt 0:00:13]} Nbd7 {[%emt 0:00:38]} 7. O-O {[%emt 0:01:51]} c6 {[%emt 0:00:22]} 8. b3 {[%emt 0:01:27]} Ne4 {[%emt 0:01:38]} 9. Qd3 {[%emt 0:02:00]} f5 {[%emt 0:00:10]} 10. Nd2 {[%emt 0:02:22]} Bf6 {[%emt 0:03:22]} 11. Bb2 {[%emt 0:08:05]} Nxd2 {[%emt 0:02:06]} 12. Qxd2 {[%emt 0:00:06]} dxc4 {[%emt 0:00:08]} 13. bxc4 {[%emt 0:02:10]} Nb6 {[%emt 0:00:27]} 14. e3 {[%emt 0:01:51]} Nxc4 {[%emt 0:00:14]} 15. Qe2 {[%emt 0:00:09]} Nxb2 {[%emt 0:01:49]} 16. Qxb2 {[%emt 0:00:02]} e5 {[%emt 0:00:56]} 17. dxe5 {[%emt 0:09:52]} Bxe5 {[%emt 0:00:23]} 18. Qb3+ {[%emt 0:00:06]} Kh8 {[%emt 0:00:14]} 19. Rad1 {[%emt 0:00:45]} Qb6 {[%emt 0:01:12]} 20. Qc4 {[%emt 0:00:30]} Bxc3 {[%emt 0:02:45]} 21. Qxc3 {[%emt 0:00:06]} Be6 {[%emt 0:00:17]} 22. a3 {[%emt 0:02:29]} Rad8 {[%emt 0:03:38]} 23. Rb1 {[%emt 0:08:09]} Qc7 {[%emt 0:02:55]} 24. Qc5 {[%emt 0:02:59]} a6 {[%emt 0:06:02]} 25. Rb4 {[%emt 0:04:27]} a5 {[%emt 0:01:55]} 26. Rb6 {[%emt 0:06:13]} a4 {[%emt 0:00:27]} 27. Rb4 {[%emt 0:05:04]} Bb3 {[%emt 0:00:34]} 28. h4 {[%emt 0:06:18]} Rf7 {[%emt 0:00:43]} 29. Kh2 {[%emt 0:12:14]} Qe7 {[%emt 0:07:19]} 30. Qc3 {[%emt 0:01:21]} Rd7 {[%emt 0:02:01]} 31. Rc1 {[%emt 0:01:23]} h6 {[%emt 0:01:59]} 32. Bf1 {[%emt 0:00:28]} Rf8 {[%emt 0:19:01]} 33. Bc4 {[%emt 0:01:09]} Bd1 {[%emt 0:01:40]} 34. Bd3 {[%emt 0:01:22]} Bb3 {[%emt 0:03:28]} 35. Bc4 {[%emt 0:00:09]} Bxc4 {[%emt 0:02:27]} 36. Rxc4 {[%emt 0:00:32]} Ra8 {[%emt 0:04:31]} 37. Rb1 {[%emt 0:02:55]} Rd5 {[%emt 0:04:18]} 38. Rbb4 {[%emt 0:01:07]} Rad8 {[%emt 0:00:38]} 39. Rf4 {[%emt 0:02:03]} c5 {[%emt 0:06:16]} 40. Rxa4 {[%emt 0:01:21]} b5 {[%emt 0:03:27]} 41. Ra6 {[%emt 0:01:26]} Kh7 {[%emt 0:01:16]} 42. Qc2 {[%emt 0:03:14]} Qe5 {[%emt 0:02:39]} 43. Ra5 {[%emt 0:06:55]} g5 {[%emt 0:04:33]} 44. hxg5 {[%emt 0:01:03]} hxg5 {[%emt 0:00:06]} 45. Rf3 {[%emt 0:01:09]} Kg8 {[%emt 0:02:05]} 46. Ra6 {[%emt 0:00:40]} g4 {[%emt 0:08:39]} 47. Rg6+ {[%emt 0:00:08]} Kh8 {[%emt 0:00:49]} 48. Rf4 {[%emt 0:00:15]} R8d7 {[%emt 0:01:04]} 49. Rh6+ {[%emt 0:00:42]} Kg8 {[%emt 0:00:20]} 50. Rh5 {[%emt 0:00:34]} Rf7 {[%emt 0:00:37]} 51. e4 {[%emt 0:00:49]} Rd4 {[%emt 0:00:22]} 52. Rxg4+ {[%emt 0:01:38]} Kf8 {[%emt 0:00:19]} 53. Rf4 {[%emt 0:00:33]} Rc4 {[%emt 0:00:56]} 54. Qd2 {[%emt 0:00:37]} Rd4 {[%emt 0:00:14]} 55. Qa5 {[%emt 0:00:17]} Kg7 {[%emt 0:00:44]} 56. Qxb5 {[%emt 0:00:42]} Rxe4 {[%emt 0:00:32]} 57. Rxe4 {[%emt 0:01:03]} Qxe4 {[%emt 0:00:01]} 58. Qb8 {[%emt 0:00:37]} Rf8 {[%emt 0:00:53]} 59. Qc7+ {[%emt 0:00:35]} Rf7 {[%emt 0:00:09]} 60. Qxc5 {[%emt 0:00:56]} Kg6 {[%emt 0:00:55]} 61. Rh4 {[%emt 0:00:13]} Qe6 {[%emt 0:00:31]} 62. Qc1 {[%emt 0:00:16]} Kg7 {[%emt 0:00:33]} 63. Qg5+ {[%emt 0:00:21]} Qg6 {[%emt 0:00:02]} 64. Qxg6+ {[%emt 0:01:04]} Kxg6 {[%emt 0:00:06]} 65. Rb4 {[%emt 0:00:26]} Rc7 {[%emt 0:00:35]} 66. Rb3 {[%emt 0:00:44]} Rc4 {[%emt 0:00:11]} 67. Kh3 {[%emt 0:00:36]} Kg5 {[%emt 0:00:31]} 68. f4+ {[%emt 0:00:12]} Kh5 {[%emt 0:00:17]} 69. Rb5 {[%emt 0:00:03]} Kg6 {[%emt 0:00:16]} 70. Ra5 {[%emt 0:00:15]} Rc1 {[%emt 0:00:20]} 71. a4 {[%emt 0:00:13]} Rh1+ {[%emt 0:00:09]} 72. Kg2 {[%emt 0:00:02]} Ra1 {[%emt 0:00:06]} 73. Ra8 {[%emt 0:00:21]} Kh5 {[%emt 0:02:30]} 74. a5 {[%emt 0:00:25]} Kg6 {[%emt 0:00:15]} 75. a6 {[%emt 0:00:09]} Kg7 {[%emt 0:00:10]} 76. a7 {[%emt 0:00:15]} Ra3 {[%emt 0:00:38]} 77. Kh3 {[%emt 0:00:08]} Kh7 {[%emt 0:00:05]} 78. Kh4 {[%emt 0:00:05]} Kg7 {[%emt 0:00:04]} 79. g4 {[%emt 0:00:40]} fxg4 {[%emt 0:00:55]} 80. Kxg4 {[%emt 0:00:28]} Ra5 {[%emt 0:00:28]} 81. f5 {[%emt 0:00:05]} Ra4+ {[%emt 0:00:11]} 82. Kf3 {[%emt 0:00:24]} Ra1 {[%emt 0:00:22]} 83. Ke2 {[%emt 0:00:50]} Ra2+ {[%emt 0:00:37]} 84. Kd3 {[%emt 0:00:09]} Ra3+ {[%emt 0:00:38]} 85. Kc4 {[%emt 0:00:55]} Ra4+ {[%emt 0:00:05]} 86. Kb3 {[%emt 0:00:22]} Ra6 {[%emt 0:00:42]} 87. f6+ {[%emt 0:00:20]} Rxf6 {[%emt 0:00:19]} 88. Rb8 {[%emt 0:00:17]} 1-0

[Event "78th GEO-ch Women 1st League 2021"]
[Site "Tbilisi"]
[Date "2021.03.19"]
[Round "2.3"]
[White "Vakhania, Alexandra"]
[Black "Tsotsonava, Elene"]
[Result "1-0"]
[WhiteElo "2134"]
[BlackElo "1805"]
[Annotator "NA"]
[PlyCount "57"]
[EventDate "2021.03.18"]
[EventType "swiss"]
[EventCountry "GEO"]
[SourceTitle "playchess.com"]
[Source "ChessBase"]
[SourceQuality "1"]
[TimeControl "5400+30"]

1. e4 {[%emt 0:01:22]} c5 {[%emt 0:00:00]} 2. Nc3 {[%emt 0:00:06]} Nc6 {[%emt 0:00:00]} 3. f4 {[%emt 0:00:20]} g6 {[%emt 0:01:05]} 4. Nf3 {[%emt 0:00:05]} Bg7 {[%emt 0:00:08]} 5. Bb5 {[%emt 0:00:11]} Nd4 {[%emt 0:04:44]} 6. O-O {[%emt 0:00:47]} e6 {[%emt 0:00:35]} 7. d3 {[%emt 0:02:50]} Ne7 {[%emt 0:01:27]} 8. Nxd4 {[%emt 0:05:47]} cxd4 {[%emt 0:00:13]} 9. Ne2 {[%emt 0:00:04]} O-O {[%emt 0:01:32]} 10. Kh1 {[%emt 0:01:42]} a6 {[%emt 0:02:46]} 11. Ba4 {[%emt 0:00:21]} b5 {[%emt 0:00:42]} 12. Bb3 {[%emt 0:00:05]} Bb7 {[%emt 0:00:33]} 13. Ng3 {[%emt 0:03:26]} d5 {[%emt 0:06:28]} 14. f5 {[%emt 0:03:30]} Nc6 {[%emt 0:08:27]} 15. exd5 {[%emt 0:01:37]} exd5 {[%emt 0:00:09]} 16. Qg4 {[%emt 0:01:15]} Qd6 {[%emt 0:05:14]} 17. Qh4 {[%emt 0:04:08]} Rfe8 {[%emt 0:08:11]} 18. f6 {[%emt 0:02:22]} Bf8 {[%emt 0:00:27]} 19. Bh6 {[%emt 0:00:13]} Rad8 {[%emt 0:01:16]} 20. Bxd5 {[%emt 0:02:44]} Bxh6 {[%emt 0:04:48]} 21. Bxf7+ {[%emt 0:03:22]} Kxf7 {[%emt 0:02:32]} 22. Qxh6 {[%emt 0:00:06]} Ke6 {[%emt 0:05:02]} 23. Ne4 {[%emt 0:06:26]} Qe5 {[%emt 0:05:33]} 24. Rae1 {[%emt 0:01:13]} Kd7 {[%emt 0:01:40]} 25. f7 {[%emt 0:00:19]} Rf8 {[%emt 0:04:37]} 26. Nf6+ {[%emt 0:00:14]} Kc8 {[%emt 0:00:06]} 27. Rxe5 {[%emt 0:00:15]} Nxe5 {[%emt 0:00:05]} 28. Qh3+ {[%emt 0:01:52]} Nd7 {[%emt 0:00:53]} 29. Nxh7 {[%emt 0:01:26]} 1-0

[Event "78th GEO-ch Women 1st League 2021"]
[Site "Tbilisi"]
[Date "2021.03.19"]
[Round "2.4"]
[White "Mkrtchyan, Aida"]
[Black "Nikoladze, Sopio"]
[Result "0-1"]
[WhiteElo "1156"]
[BlackElo "2132"]
[Annotator "NA"]
[PlyCount "54"]
[EventDate "2021.03.18"]
[EventType "swiss"]
[EventCountry "GEO"]
[SourceTitle "playchess.com"]
[Source "ChessBase"]
[SourceQuality "1"]
[TimeControl "5400+30"]

1. e4 {[%emt 0:00:00]} d6 {[%emt 0:00:00]} 2. d4 {[%emt 0:00:52]} Nf6 {[%emt 0:00:00]} 3. e5 {[%emt 0:01:01]} dxe5 {[%emt 0:00:11]} 4. dxe5 {[%emt 0:00:17]} Qxd1+ {[%emt 0:00:09]} 5. Kxd1 {[%emt 0:00:13]} Ng4 {[%emt 0:00:07]} 6. Ke1 {[%emt 0:03:16]} Nxe5 {[%emt 0:00:16]} 7. Bf4 {[%emt 0:02:04]} Nbc6 {[%emt 0:03:51]} 8. Bb5 {[%emt 0:02:27]} Bd7 {[%emt 0:00:07]} 9. Nc3 {[%emt 0:03:24]} O-O-O {[%emt 0:01:23]} 10. Nge2 {[%emt 0:03:48]} Ng6 {[%emt 0:00:50]} 11. Be3 {[%emt 0:03:07]} Nb4 {[%emt 0:03:33]} 12. Bxd7+ {[%emt 0:05:38]} Rxd7 {[%emt 0:00:13]} 13. Rc1 {[%emt 0:00:50]} e5 {[%emt 0:00:51]} 14. Nb5 {[%emt 0:07:57]} a6 {[%emt 0:02:05]} 15. a3 {[%emt 0:05:25]} Nd5 {[%emt 0:03:18]} 16. Nbc3 {[%emt 0:01:01]} Nxe3 {[%emt 0:00:10]} 17. fxe3 {[%emt 0:00:11]} Bc5 {[%emt 0:00:52]} 18. Nd1 {[%emt 0:10:53]} f5 {[%emt 0:02:23]} 19. b4 {[%emt 0:02:27]} Be7 {[%emt 0:00:09]} 20. c4 {[%emt 0:02:59]} Rhd8 {[%emt 0:01:36]} 21. Rf1 {[%emt 0:07:13]} f4 {[%emt 0:02:37]} 22. e4 {[%emt 0:09:51]} Rd3 {[%emt 0:03:52]} 23. Nec3 {[%emt 0:04:53]} Bh4+ {[%emt 0:01:40]} 24. Nf2 {[%emt 0:04:30]} Re3+ {[%emt 0:00:17]} 25. Ne2 {[%emt 0:00:48]} f3 {[%emt 0:00:22]} 26. gxf3 {[%emt 0:04:05]} Nf4 {[%emt 0:00:14]} 27. Rc2 {[%emt 0:02:20]} Ng2# {[%emt 0:00:07]} 0-1

[Event "78th GEO-ch Women 1st League 2021"]
[Site "Tbilisi"]
[Date "2021.03.19"]
[Round "2.5"]
[White "Mikadze, Miranda"]
[Black "Sichinava, Mariam"]
[Result "1-0"]
[WhiteElo "2269"]
[BlackElo "1516"]
[Annotator "NA"]
[PlyCount "91"]
[EventDate "2021.03.18"]
[EventType "swiss"]
[EventCountry "GEO"]
[SourceTitle "playchess.com"]
[Source "ChessBase"]
[SourceQuality "1"]
[TimeControl "5400+30"]

1. e4 {[%emt 0:00:00]} c5 {[%emt 0:09:48]} 2. c3 {[%emt 0:00:00]} Nf6 {[%emt 0:00:25]} 3. e5 {[%emt 0:00:00]} Nd5 {[%emt 0:00:06]} 4. Bc4 {[%emt 0:00:19]} Nb6 {[%emt 0:01:18]} 5. Bb3 {[%emt 0:00:04]} g6 {[%emt 0:02:39]} 6. Nf3 {[%emt 0:00:19]} Bg7 {[%emt 0:00:56]} 7. O-O {[%emt 0:06:20]} O-O {[%emt 0:01:09]} 8. a4 {[%emt 0:03:01]} a5 {[%emt 0:05:03]} 9. Na3 {[%emt 0:01:13]} Nc6 {[%emt 0:07:41]} 10. d4 {[%emt 0:00:24]} cxd4 {[%emt 0:00:26]} 11. cxd4 {[%emt 0:00:03]} d6 {[%emt 0:00:10]} 12. exd6 {[%emt 0:00:53]} exd6 {[%emt 0:04:37]} 13. h3 {[%emt 0:00:11]} Bf5 {[%emt 0:03:03]} 14. Re1 {[%emt 0:00:14]} d5 {[%emt 0:03:52]} 15. Bf4 {[%emt 0:00:20]} Nb4 {[%emt 0:02:24]} 16. Re2 {[%emt 0:05:14]} Rc8 {[%emt 0:05:33]} 17. Nb5 {[%emt 0:03:30]} Bd3 {[%emt 0:08:52]} 18. Rd2 {[%emt 0:03:52]} Bxb5 {[%emt 0:01:21]} 19. axb5 {[%emt 0:00:06]} Nc4 {[%emt 0:00:03]} 20. Bxc4 {[%emt 0:01:21]} Rxc4 {[%emt 0:00:06]} 21. Ne5 {[%emt 0:00:16]} Rc8 {[%emt 0:01:45]} 22. Qa4 {[%emt 0:03:51]} Bxe5 {[%emt 0:01:22]} 23. Bxe5 {[%emt 0:00:39]} b6 {[%emt 0:00:09]} 24. Qb3 {[%emt 0:03:09]} Qd7 {[%emt 0:02:05]} 25. Re1 {[%emt 0:01:25]} f6 {[%emt 0:02:03]} 26. Bg3 {[%emt 0:00:24]} Rfe8 {[%emt 0:03:21]} 27. Rde2 {[%emt 0:01:09]} Qxb5 {[%emt 0:00:29]} 28. Qf3 {[%emt 0:00:15]} Rxe2 {[%emt 0:05:49]} 29. Rxe2 {[%emt 0:00:17]} Kf7 {[%emt 0:00:45]} 30. Be5 {[%emt 0:07:19]} Qc6 {[%emt 0:00:31]} 31. h4 {[%emt 0:00:32]} b5 {[%emt 0:04:36]} 32. h5 {[%emt 0:00:08]} Qc1+ {[%emt 0:00:06]} 33. Kh2 {[%emt 0:00:04]} Qg5 {[%emt 0:00:19]} 34. g4 {[%emt 0:00:46]} gxh5 {[%emt 0:00:26]} 35. gxh5 {[%emt 0:00:03]} Rg8 {[%emt 0:00:21]} 36. Bg3 {[%emt 0:00:15]} Nc6 {[%emt 0:01:11]} 37. Rc2 {[%emt 0:02:12]} Rc8 {[%emt 0:02:40]} 38. Qd3 {[%emt 0:00:05]} Qxh5+ {[%emt 0:00:44]} 39. Kg1 {[%emt 0:00:06]} Nb4 {[%emt 0:03:39]} 40. Qxb5 {[%emt 0:00:47]} Rxc2 {[%emt 0:00:55]} 41. Qd7+ {[%emt 0:00:04]} Kg6 {[%emt 0:00:10]} 42. Qe8+ {[%emt 0:00:02]} Kg5 {[%emt 0:00:08]} 43. Bf4+ {[%emt 0:01:21]} Kg4 {[%emt 0:00:20]} 44. f3+ {[%emt 0:00:02]} Kh4 {[%emt 0:00:14]} 45. Qe1+ {[%emt 0:00:17]} Kh3 {[%emt 0:00:46]} 46. Qg3# {[%emt 0:00:10]} 1-0